Statistics for Actors by Film #2

Click here to take the quiz!

General Stats

  • This quiz has been taken 40 times
  • The average score is 11 of 20

Answer Stats

FilmFilmFilmActor/Actress% Correct
The Wolf of Wall StreetTitanicDjango UnchainedLeonardo DiCaprio
91%
Saving Private RyanForrest GumpThe Green MileTom Hanks
91%
Independence DayI Am LegendMen in BlackWill Smith
89%
The Good, the Bad and the UglyGran TorinoUnforgivenClint Eastwood
86%
Good Will HuntingJumanjiMrs. DoubtfireRobin Williams
83%
Lara Croft: Tomb RaiderMaleficentMr. & Mrs. SmithAngelina Jolie
77%
Taxi DriverGoodfellasThe Godfather: Part IIRobert De Niro
74%
X-Men: Days of Future PastPassengersThe Hunger GamesJennifer Lawrence
69%
Gentlemen Prefer BlondesAll About EveSome Like It HotMarilyn Monroe
69%
The Parent TrapMean GirlsHerbie Fully LoadedLindsay Lohan
66%
Black Panther21 BridgesGods of EgyptChadwick Boseman
54%
X-Men: First ClassFootlooseApollo 13Kevin Bacon
51%
Sense and SensibilityLove ActuallyHarry PotterEmma Thompson
40%
The Curious Case of Benjamin ButtonThor: RagnarokThe Lord of the RingsCate Blanchett
37%
Ant-Man and the WaspScarfaceBatman ReturnsMichelle Pfeiffer
37%
Star Trek: First ContactTedX-MenPatrick Stewart
29%
The Fault in Our StarsDivergentThe DescendantsShailene Woodley
26%
The Fast and the FuriousAvatarResident EvilMichelle Rodriguez
20%
Snow White and the HuntsmanTomb RaiderShaun of the DeadNick Frost
20%
The Bourne UltimatumHot FuzzCinderella ManPaddy Considine
3%

Score Distribution

Percentile by Number Answered

Percent of People with Each Score

Your Score History

You have not taken this quiz